000 00486nam a22001937a 4500
999 _c141910
_d141910
005 20200127141200.0
010 _aB-8372
020 _c30.00
_a812372764X
035 _aB-8372
082 _aN
_bBOR
100 _aBORADE,R.R.
245 _aFALL
_cR.R. BORADE
260 _aNEW DELHI
_bNATIONAL BOOK TRUST
_c1999
270 _aA-5 , GREEN PARK
_bNEW DELHI
_e110016
300 _a106p.
_c17cms.
700 _aMARATHE, SUDHAKAR
942 _2ddc
_cEN
_hN
_mBOR